[Event "Bayern-chI Bank Hofmann 26th"]
[Site "Tegernsee"]
[Date "2023.11.02"]
[Round "6"]
[White "Hofmann, Lorenz"]
[Black "Bettalli, Francesco"]
[Result "1/2-1/2"]
[WhiteElo "2091"]
[BlackElo "2274"]
[PlyCount "100"]
[EventDate "2023.10.28"]
[EventType "swiss"]
[EventRounds "9"]
[EventCountry "GER"]
[SourceTitle "Mega2024 Update 01"]
[Source "Chessbase"]
[SourceDate "2023.11.12"]
[SourceVersion "1"]
[SourceVersionDate "2023.11.12"]
[SourceQuality "1"]

1. e4 e5 2. Nc3 Nf6 3. d4 exd4 4. Qxd4 Nc6 5. Qd3 Bc5 6. Be2 d6 7. a3 Be6 8. Be3 Bb6 9. 0-0-0 Qe7 10. f4 0-0-0 11. Bxb6 axb6 12. Bf3 Nd7 13. Nd5 Qh4 14. g3 Qh6 15. Qd2 Rhe8 16. Ne2 Nf6 17. Nec3 Bxd5 18. exd5 Nb8 19. Nb5 Na6 20. Rhe1 Qh3 21. b4 Qd7 22. Qd3 Rxe1 23. Rxe1 Re8 24. Rxe8+ Qxe8 25. Kd2 h6 26. c4 Qe7 27. Qe3 Qxe3+ 28. Kxe3 Kd7 29. Nd4 g6 30. g4 Ke7 31. h4 Nb8 32. g5 hxg5 33. hxg5 Ne8 34. Bg4 Kd8 35. f5 gxf5 36. Bxf5 Ng7 37. Kf4 Nd7 38. Bxd7 Kxd7 39. Nf5 Nxf5 40. Kxf5 Ke7 41. b5 Ke8 42. Kf6 Kf8 43. g6 fxg6 44. Kxg6 Kg8 45. Kf6 Kf8 46. Ke6 Ke8 47. a4 Kd8 48. Kf7 Kd7 49. Kf8 Kd8 50. Kf7 Kd7 1/2-1/2

[Event "GER-ch U25-A"]
[Site "Willingen"]
[Date "2023.06.02"]
[Round "8"]
[White "Hofmann, Lorenz"]
[Black "Yelisieiev, Yevhenii"]
[Result "0-1"]
[WhiteElo "2061"]
[BlackElo "2418"]
[PlyCount "56"]
[EventDate "2023.05.27"]
[EventType "swiss"]
[EventRounds "9"]
[EventCountry "GER"]
[SourceTitle "CBM 214 Extra"]
[Source "ChessBase"]
[SourceDate "2023.07.31"]
[SourceVersion "1"]
[SourceVersionDate "2023.07.31"]
[SourceQuality "1"]

1. e4 d6 2. d4 Nf6 3. Bd3 e5 4. c3 g6 5. Nf3 Nbd7 6. 0-0 Bg7 7. Re1 0-0 8. Nbd2 exd4 9. cxd4 c5 10. d5 Ng4 11. Nc4 Nde5 12. Rb1 Nxf3+ 13. Qxf3 b5 14. Ne3 Ne5 15. Qe2 Nxd3 16. Qxd3 c4 17. Qe2 Re8 18. b3 Rxe4 19. bxc4 bxc4 20. f3 Re8 21. Qxc4 Bf5 22. Rb3 Rc8 23. Qb4 a5 24. Qf4 Be5 25. Qh6 a4 26. Ra3 Qb6 27. Bd2 Qd4 28. Rd1 Bf4 0-1

[Event "GER-ch U25-A"]
[Site "Willingen"]
[Date "2023.05.30"]
[Round "4"]
[White "Hofmann, Lorenz"]
[Black "Gerlach, Felix Tobias"]
[Result "1/2-1/2"]
[WhiteElo "2061"]
[BlackElo "2078"]
[PlyCount "76"]
[EventDate "2023.05.27"]
[EventType "swiss"]
[EventRounds "9"]
[EventCountry "GER"]
[SourceTitle "CBM 214 Extra"]
[Source "ChessBase"]
[SourceDate "2023.07.31"]
[SourceVersion "1"]
[SourceVersionDate "2023.07.31"]
[SourceQuality "1"]

1. d4 Nf6 2. Nc3 d5 3. Bf4 c5 4. e3 a6 5. Nf3 cxd4 6. exd4 Bg4 7. Be2 e6 8. Ne5 Bxe2 9. Nxe2 Bb4+ 10. c3 Be7 11. Qb3 b5 12. 0-0 Qb6 13. Nc1 a5 14. a3 0-0 15. Ncd3 Rc8 16. Bg5 Na6 17. f4 b4 18. axb4 axb4 19. f5 exf5 20. Rxf5 Qd6 21. Bxf6 Bxf6 22. Ng4 Be7 23. Rxd5 Qe6 24. Re1 Qxg4 25. Rxe7 Nc7 26. Rde5 Ne6 27. Re1 bxc3 28. bxc3 Qg5 29. Rb7 Qd2 30. Qd1 Qxc3 31. d5 Nc5 32. Nxc5 Qxc5+ 33. Kh1 Rd8 34. Rf1 Rxd5 35. Qb3 Qd6 36. Rbxf7 Rd8 37. h3 Qe6 38. Qf3 h6 1/2-1/2

[Event "Stein am Rhien op 14th"]
[Site "Stein am Rhien"]
[Date "2023.04.29"]
[Round "3"]
[White "Hofmann, Lorenz"]
[Black "Carton, Patrick"]
[Result "1-0"]
[WhiteElo "2066"]
[BlackElo "1959"]
[PlyCount "47"]
[EventDate "2023.04.28"]
[EventType "swiss"]
[EventRounds "5"]
[EventCountry "SUI"]
[SourceTitle "CBM 214 Extra"]
[Source "ChessBase"]
[SourceDate "2023.07.31"]
[SourceVersion "1"]
[SourceVersionDate "2023.07.31"]
[SourceQuality "1"]

1. e4 Nf6 2. e5 Nd5 3. d4 d6 4. exd6 cxd6 5. Nf3 e6 6. c4 Nf6 7. Nc3 Be7 8. Bd3 0-0 9. 0-0 b6 10. Bg5 Nbd7 11. Rc1 Bb7 12. Qe2 Re8 13. Rfd1 d5 14. Ne5 dxc4 15. Bxc4 Nd5 16. Bd2 Rc8 17. Bb5 N5f6 18. Bg5 a6 19. Bxa6 Bxa6 20. Qxa6 Nd5 21. Nxd5 Rxc1 22. Nxe7+ Qxe7 23. Bxc1 Nxe5 24. dxe5 1-0

[Event "Stein am Rhien op 14th"]
[Site "Stein am Rhien"]
[Date "2023.04.28"]
[Round "1"]
[White "Hofmann, Lorenz"]
[Black "Schneider, Stephan1111"]
[Result "1-0"]
[WhiteElo "2066"]
[BlackElo "1551"]
[PlyCount "39"]
[EventDate "2023.04.28"]
[EventType "swiss"]
[EventRounds "5"]
[EventCountry "SUI"]
[SourceTitle "CBM 214 Extra"]
[Source "ChessBase"]
[SourceDate "2023.07.31"]
[SourceVersion "1"]
[SourceVersionDate "2023.07.31"]
[SourceQuality "1"]

1. e4 e6 2. d4 d5 3. exd5 exd5 4. Bd3 Nf6 5. Bg5 Be7 6. Nc3 Be6 7. Nce2 0-0 8. Nf3 Nbd7 9. c3 Rc8 10. 0-0 Re8 11. Nf4 Bg4 12. h3 Bxf3 13. Qxf3 Ne4 14. Bxe7 Rxe7 15. Nxd5 Nd2 16. Nxe7+ Qxe7 17. Qxb7 Rb8 18. Qxc7 Nxf1 19. Kxf1 Rxb2 20. Re1 1-0

[Event "GER-ch Youth-A"]
[Site "Willingen"]
[Date "2022.06.09"]
[Round "7"]
[White "Hofmann, Lorenz"]
[Black "Jenner, Meikel"]
[Result "1-0"]
[WhiteElo "2056"]
[BlackElo "1981"]
[PlyCount "63"]
[EventDate "2022.06.04"]
[EventType "swiss"]
[EventRounds "9"]
[EventCountry "GER"]
[SourceTitle "CBM 208 Extra"]
[Source "ChessBase"]
[SourceDate "2022.07.31"]
[SourceVersion "1"]
[SourceVersionDate "2022.07.31"]
[SourceQuality "1"]

1. d4 d5 2. Nc3 Nf6 3. Bf4 c6 4. e3 g6 5. Qd2 Bg7 6. f3 Nh5 7. Bg5 f6 8. Bh4 Bh6 9. f4 Qd6 10. Bg3 b5 11. Be2 Nxg3 12. hxg3 Bg7 13. Bd3 e5 14. Rxh7 Rxh7 15. Bxg6+ Kf8 16. Bxh7 f5 17. g4 exd4 18. exd4 fxg4 19. 0-0-0 Nd7 20. Kb1 Nf6 21. Bd3 a5 22. Nge2 a4 23. a3 b4 24. axb4 a3 25. b3 a2+ 26. Nxa2 Qc7 27. Rh1 Qa7 28. c3 Ne4 29. Bxe4 dxe4 30. f5 Bxf5 31. Rf1 Qf7 32. Qc2 1-0

[Event "Bayern-chI Bank Hofmann 24th"]
[Site "Tegernsee"]
[Date "2021.10.30"]
[Round "1"]
[White "Hacker, Jonas"]
[Black "Hofmann, Lorenz"]
[Result "1-0"]
[WhiteElo "2371"]
[BlackElo "2095"]
[PlyCount "43"]
[EventDate "2021.10.30"]
[EventType "swiss"]
[EventRounds "9"]
[EventCountry "GER"]
[SourceTitle "CBM 205 Extra"]
[Source "ChessBase"]
[SourceDate "2022.01.31"]
[SourceVersion "1"]
[SourceVersionDate "2022.01.31"]
[SourceQuality "1"]

1. e4 c6 2. d4 d5 3. e5 c5 4. dxc5 e6 5. a3 Bxc5 6. Qg4 Ne7 7. Nf3 Qb6 8. Bd3 Bxf2+ 9. Ke2 a5 10. Rf1 Bc5 11. Qxg7 Rg8 12. Qxh7 Rxg2+ 13. Kd1 Nbc6 14. Nc3 Be3 15. Nb5 Bxc1 16. Kxc1 Qe3+ 17. Kb1 Kd7 18. Ka2 b6 19. Nfd4 Qxe5 20. Rae1 Rg7 21. Nxc6 Nxc6 22. Rxf7+ 1-0

[Event "GER-ch U18"]
[Site "Willingen"]
[Date "2021.08.27"]
[Round "7"]
[White "Stork, Oliver"]
[Black "Hofmann, Lorenz"]
[Result "1-0"]
[WhiteElo "2365"]
[BlackElo "2071"]
[PlyCount "59"]
[EventDate "2021.08.22"]
[EventType "swiss"]
[EventRounds "9"]
[EventCountry "GER"]
[SourceTitle "EXT 2022"]
[Source "ChessBase"]
[SourceDate "2021.10.06"]
[SourceVersion "1"]
[SourceVersionDate "2021.10.06"]
[SourceQuality "1"]

1. d4 d5 2. Bf4 c5 3. e3 cxd4 4. exd4 Nc6 5. c3 Bf5 6. Qb3 Qd7 7. Nf3 f6 8. Nbd2 g5 9. Be3 e6 10. a4 a6 11. Be2 h5 12. c4 Nb4 13. Rc1 Bg6 14. 0-0 h4 15. Ne1 Nh6 16. Nd3 Nxd3 17. Bxd3 Bxd3 18. Qxd3 Kf7 19. cxd5 exd5 20. Nb3 Qd6 21. f4 Ng4 22. Bd2 Nxh2 23. Kxh2 g4 24. Qf5 g3+ 25. Kh3 b6 26. a5 Be7 27. Rfe1 Rh6 28. axb6 Rah8 29. Rc7 Re8 30. Ba5 1-0

[Event "GER-ch U18"]
[Site "Willingen"]
[Date "2021.08.26"]
[Round "5"]
[White "Nguyen, Alex Dac Vuong"]
[Black "Hofmann, Lorenz"]
[Result "1-0"]
[WhiteElo "2290"]
[BlackElo "2071"]
[PlyCount "81"]
[EventDate "2021.08.22"]
[EventType "swiss"]
[EventRounds "9"]
[EventCountry "GER"]
[SourceTitle "EXT 2022"]
[Source "ChessBase"]
[SourceDate "2021.10.06"]
[SourceVersion "1"]
[SourceVersionDate "2021.10.06"]
[SourceQuality "1"]

1. d4 d5 2. c4 e6 3. Nf3 Nf6 4. g3 Be7 5. Bg2 0-0 6. 0-0 dxc4 7. Qc2 a6 8. Qxc4 b5 9. Qc2 Bb7 10. Bd2 Be4 11. Qc1 b4 12. Rd1 a5 13. Bf4 Na6 14. Nbd2 Bd5 15. Qb1 c5 16. e4 Bb7 17. dxc5 Qe8 18. Bd6 Nxc5 19. Bxe7 Qxe7 20. e5 Nd5 21. Nc4 Nd7 22. Qd3 Rfd8 23. Qd4 h6 24. Rac1 a4 25. Nfd2 Nb8 26. Ne4 Nc6 27. Qc5 Qxc5 28. Nxc5 Ba6 29. Bxd5 Rxd5 30. Rxd5 exd5 31. Nb6 Ra7 32. Nxa6 Nd4 33. Rc8+ Kh7 34. Nxb4 Nf3+ 35. Kg2 Nxe5 36. N4xd5 Nd3 37. Ra8 Rb7 38. Rxa4 Nxb2 39. Ra8 Nd3 40. a4 Ne5 41. a5 1-0

[Event "GER-ch U18"]
[Site "Willingen"]
[Date "2021.08.23"]
[Round "1"]
[White "Kolb, Tobias"]
[Black "Hofmann, Lorenz"]
[Result "0-1"]
[WhiteElo "2307"]
[BlackElo "2071"]
[PlyCount "78"]
[EventDate "2021.08.22"]
[EventType "swiss"]
[EventRounds "9"]
[EventCountry "GER"]
[SourceTitle "EXT 2022"]
[Source "ChessBase"]
[SourceDate "2021.10.06"]
[SourceVersion "1"]
[SourceVersionDate "2021.10.06"]
[SourceQuality "1"]

1. d4 d5 2. c4 e6 3. Nc3 Nf6 4. cxd5 exd5 5. Bg5 Be7 6. e3 0-0 7. Bd3 c6 8. Nge2 Nbd7 9. 0-0 Ne4 10. Bxe7 Qxe7 11. Bxe4 dxe4 12. d5 cxd5 13. Nxd5 Qe5 14. Rc1 b6 15. Nc7 Rb8 16. b4 Nf6 17. Qd4 Qe7 18. b5 Rd8 19. Qa4 Ng4 20. Ng3 Qh4 21. h3 Nxf2 22. Rxf2 Qxg3 23. Qxe4 Bxh3 24. Qf4 Qxf4 25. Rxf4 Bc8 26. Ra4 Rb7 27. Nd5 Be6 28. Nb4 h6 29. Nc6 Rd2 30. a3 Ra2 31. Nxa7 Bd5 32. e4 Bxe4 33. Rxe4 Rxa7 34. a4 Rd7 35. Rc6 Rdd2 36. Rg4 h5 37. Rg5 g6 38. Rxb6 Rxa4 39. Rb7 Rb4 0-1

[Event "Bayern-chI Bank Hofmann 22nd"]
[Site "Tegernsee"]
[Date "2018.10.28"]
[Round "2"]
[White "Fier, Alexandr"]
[Black "Hofmann, Lorenz"]
[Result "1-0"]
[WhiteElo "2558"]
[BlackElo "1995"]
[PlyCount "95"]
[EventDate "2018.10.27"]
[EventType "swiss"]
[EventRounds "9"]
[EventCountry "GER"]
[SourceTitle "CBM 187 Extra"]
[Source "ChessBase"]
[SourceDate "2018.11.04"]
[SourceVersion "1"]
[SourceVersionDate "2018.11.04"]
[SourceQuality "1"]

1. e4 c6 2. d4 d5 3. e5 c5 4. dxc5 Nc6 5. a3 Nxe5 6. b4 Nf6 7. Bb2 Ng6 8. Nf3 e6 9. c4 Be7 10. cxd5 Qxd5 11. Bb5+ Bd7 12. Qxd5 exd5 13. Bxd7+ Kxd7 14. Nc3 Rhd8 15. 0-0 Ke8 16. Rad1 Kf8 17. Rd4 Rd7 18. Rfd1 Rad8 19. Nb5 Ne4 20. Nxa7 Bf6 21. Nb5 Bxd4 22. Nfxd4 Ne7 23. f3 Nf6 24. a4 Ne8 25. Ba3 Nc6 26. a5 Ne5 27. Bc1 Nc4 28. Bf4 Ra8 29. Nf5 Ra6 30. Kf2 Re6 31. g4 h5 32. h3 f6 33. gxh5 Ne5 34. Ne3 g5 35. hxg6 Nxg6 36. Bg3 Ne7 37. Nd4 Ra6 38. Nb3 f5 39. b5 Rh6 40. c6 bxc6 41. b6 Nd6 42. Nc5 Rd8 43. Bxd6 Rdxd6 44. b7 Rd8 45. a6 d4 46. Nc4 Kf7 47. a7 Rhh8 48. Ne5+ 1-0

[Event "Nuremberg Zabo op 20th"]
[Site "Nuremberg"]
[Date "2018.09.15"]
[Round "3"]
[White "Hofmann, Lorenz"]
[Black "Ruderer, Thomas"]
[Result "1-0"]
[WhiteElo "1971"]
[BlackElo "1674"]
[PlyCount "47"]
[EventDate "2018.09.15"]
[EventType "swiss"]
[EventRounds "5"]
[EventCountry "GER"]
[SourceTitle "EXT 2020"]
[Source "ChessBase"]
[SourceDate "2019.10.17"]
[SourceVersion "1"]
[SourceVersionDate "2019.10.17"]
[SourceQuality "1"]

1. e4 d6 2. d4 Nf6 3. Bd3 g6 4. f4 Bg7 5. Nf3 c5 6. dxc5 dxc5 7. Nc3 0-0 8. 0-0 a6 9. a4 Nc6 10. Kh1 b6 11. Be3 Nd4 12. e5 Nd5 13. Nxd5 Qxd5 14. c4 Qd8 15. Bxd4 cxd4 16. Be4 Rb8 17. Qxd4 Qc7 18. Qc3 Bb7 19. Bxb7 Qxb7 20. Rac1 Rbc8 21. b4 Rfd8 22. Qe3 Rd7 23. e6 Rdc7 24. exf7+ 1-0

[Event "GER-ch U25-A"]
[Site "Willingen"]
[Date "2018.05.25"]
[Round "8"]
[White "Hofmann, Lorenz"]
[Black "Goldbeck, Lars"]
[Result "1/2-1/2"]
[WhiteElo "1916"]
[BlackElo "2208"]
[PlyCount "128"]
[EventDate "2018.05.19"]
[EventType "swiss"]
[EventRounds "9"]
[EventCountry "GER"]
[SourceTitle "CBM 184 Extra"]
[Source "ChessBase"]
[SourceDate "2018.06.28"]
[SourceVersion "1"]
[SourceVersionDate "2018.06.28"]
[SourceQuality "1"]

1. e4 c6 2. Nc3 d5 3. Nf3 dxe4 4. Nxe4 Nf6 5. Nxf6+ exf6 6. d4 Bd6 7. Bd3 0-0 8. 0-0 Bg4 9. Bd2 Nd7 10. c4 Qc7 11. h3 Bh5 12. Bc3 Rad8 13. g4 Bg6 14. Bxg6 hxg6 15. Kg2 Rfe8 16. Qc2 Nf8 17. Rfe1 Ne6 18. Bd2 Bf4 19. Be3 Qa5 20. Qc3 Qxc3 21. bxc3 Bxe3 22. fxe3 f5 23. Kg3 Re7 24. e4 f4+ 25. Kg2 f6 26. h4 Kf7 27. Re2 b5 28. cxb5 cxb5 29. Rd1 Nc5 30. e5 Na4 31. Rc1 Nb6 32. Rb2 a6 33. exf6 gxf6 34. g5 Nc4 35. Rf2 f5 36. Re1 Re3 37. Rxe3 fxe3 38. Re2 Re8 39. Ne1 Re4 40. Nf3 Ke6 41. Re1 Kd5 42. Kf1 Rg4 43. Ke2 Ke4 44. Rg1 Rxg1 45. Nxg1 Nd6 46. Nf3 f4 47. h5 gxh5 48. g6 Ne8 49. Ng5+ Kf5 50. Nh3 Kxg6 51. Nxf4+ Kg5 52. Kxe3 Nd6 53. Nxh5 Kxh5 54. Kf4 Kg6 55. Ke5 Nf7+ 56. Kd5 Kf6 57. Kc5 Ke6 58. a4 Nd6 59. axb5 a5 60. b6 Kd7 61. d5 Ke7 62. c4 Kd7 63. Kd4 a4 64. c5 a3 1/2-1/2

[Event "GER-ch U25-A"]
[Site "Willingen"]
[Date "2018.05.23"]
[Round "5"]
[White "Parvanyan, Alfred"]
[Black "Hofmann, Lorenz"]
[Result "1-0"]
[WhiteElo "2075"]
[BlackElo "1916"]
[PlyCount "65"]
[EventDate "2018.05.19"]
[EventType "swiss"]
[EventRounds "9"]
[EventCountry "GER"]
[SourceTitle "CBM 184 Extra"]
[Source "ChessBase"]
[SourceDate "2018.06.28"]
[SourceVersion "1"]
[SourceVersionDate "2018.06.28"]
[SourceQuality "1"]

1. d4 d5 2. c4 c6 3. Nf3 Nf6 4. g3 dxc4 5. Bg2 Be6 6. a4 g6 7. Nbd2 Na6 8. a5 Bg7 9. Qa4 0-0 10. 0-0 Nc7 11. Qc2 Nb5 12. e3 Nd6 13. Ne5 Qc7 14. Ndxc4 Bf5 15. Qe2 Nxc4 16. Qxc4 Nd7 17. Nxd7 Qxd7 18. a6 Be6 19. Qc5 Rfc8 20. axb7 Qxb7 21. b4 a6 22. Bd2 Bf8 23. Ra5 Bd7 24. Rfa1 Rcb8 25. Qc4 e6 26. h4 Ra7 27. Rxa6 Rxa6 28. Rxa6 Bxb4 29. Bxb4 Qxb4 30. Qxb4 Rxb4 31. Ra7 Be8 32. Ra8 Kf8 33. Bxc6 1-0

[Event "Mittelfranken-chTB1 1718"]
[Site "Mittelfranken"]
[Date "2018.02.18"]
[Round "5.6"]
[White "Hofmann, Lorenz"]
[Black "Dietrich, Jochen"]
[Result "1/2-1/2"]
[WhiteElo "1916"]
[BlackElo "1895"]
[PlyCount "55"]
[EventDate "2017.10.08"]
[EventType "team-tourn"]
[EventRounds "9"]
[EventCountry "GER"]
[SourceTitle "EXT 2022"]
[Source "ChessBase"]
[SourceDate "2021.10.06"]
[SourceVersion "1"]
[SourceVersionDate "2021.10.06"]
[SourceQuality "1"]
[WhiteTeam "Lauf SV"]
[BlackTeam "Muehlhof/Schwabach"]
[WhiteTeamCountry "GER"]
[BlackTeamCountry "GER"]

1. e4 d6 2. d4 Nf6 3. Bd3 c6 4. Ne2 e5 5. c3 Be7 6. 0-0 0-0 7. f4 Nbd7 8. Kh1 Re8 9. Be3 Bf8 10. Nd2 Qc7 11. h3 exd4 12. cxd4 c5 13. dxc5 dxc5 14. Ng3 Nd5 15. Qf3 Nxe3 16. Qxe3 b6 17. Rae1 Bb7 18. Nf5 Rad8 19. Qg3 g6 20. Rf2 Nf6 21. Bc2 b5 22. Qg5 Qa5 23. Nf3 Qb6 24. Rfe2 Re6 25. Nh6+ Kg7 26. Nf5+ Kh8 27. Nh6 Kg7 28. Nf5+ 1/2-1/2

[Event "Mittelfranken-chTB1 1718"]
[Site "Mittelfranken"]
[Date "2018.01.28"]
[Round "4.8"]
[White "Roth, Hubert"]
[Black "Hofmann, Lorenz"]
[Result "1/2-1/2"]
[WhiteElo "1785"]
[BlackElo "1916"]
[PlyCount "86"]
[EventDate "2017.10.08"]
[EventType "team-tourn"]
[EventRounds "9"]
[EventCountry "GER"]
[SourceTitle "EXT 2022"]
[Source "ChessBase"]
[SourceDate "2021.10.06"]
[SourceVersion "1"]
[SourceVersionDate "2021.10.06"]
[SourceQuality "1"]
[WhiteTeam "Rothenburg"]
[BlackTeam "Lauf SV"]
[WhiteTeamCountry "GER"]
[BlackTeamCountry "GER"]

1. e4 e5 2. f4 exf4 3. Nf3 Nf6 4. e5 Nh5 5. Bc4 d5 6. exd6 Bxd6 7. 0-0 0-0 8. d4 Be6 9. Bd3 c5 10. d5 Bd7 11. c4 b5 12. b3 bxc4 13. bxc4 Bg4 14. Bb2 Nd7 15. Qc2 g6 16. Nbd2 Bxf3 17. Nxf3 Qc7 18. Rae1 Rfe8 19. Qc3 f6 20. Qc2 Nf8 21. Re4 Rxe4 22. Bxe4 Re8 23. Re1 Be5 24. Bxe5 fxe5 25. Rb1 Nf6 26. Nd2 Rb8 27. Rb3 Qd6 28. Qb1 Rb6 29. Qb2 N8d7 30. Qb1 Ng4 31. Nf1 Rb4 32. Qc2 a5 33. h3 Nh6 34. Ra3 Qb6 35. Nd2 Nf7 36. Nb3 a4 37. Nd2 Qa6 38. Bd3 Kg7 39. Ne4 Qa7 40. Kh2 Nf6 41. Nc3 Nd6 42. Rxa4 Qb8 43. Rxb4 Qxb4 1/2-1/2

[Event "Mittelfranken-chTB1 1617"]
[Site "Mittelfranken"]
[Date "2017.05.14"]
[Round "9.8"]
[White "Knab, Reinhard"]
[Black "Hofmann, Lorenz"]
[Result "1/2-1/2"]
[WhiteElo "1765"]
[BlackElo "1760"]
[PlyCount "35"]
[EventDate "2016.10.23"]
[EventType "team-tourn"]
[EventRounds "9"]
[EventCountry "GER"]
[SourceTitle "EXT 2022"]
[Source "ChessBase"]
[SourceDate "2021.10.06"]
[SourceVersion "1"]
[SourceVersionDate "2021.10.06"]
[SourceQuality "1"]
[WhiteTeam "Nuernberg Zabo Eintracht"]
[BlackTeam "Lauf SV"]
[WhiteTeamCountry "GER"]
[BlackTeamCountry "GER"]

1. Nh3 d5 2. g3 e5 3. d3 Bc5 4. Bg2 Ne7 5. 0-0 0-0 6. Kh1 c6 7. c3 Bg4 8. f4 f6 9. Nf2 Be6 10. b4 Bb6 11. e3 Nd7 12. Na3 a6 13. Nc2 a5 14. Qh5 Qe8 15. Qe2 axb4 16. cxb4 Qc8 17. Bd2 Qc7 18. Rfc1 1/2-1/2

[Event "Nuremberg Zabo op 18th"]
[Site "Nuremberg"]
[Date "2016.09.18"]
[Round "4"]
[White "Hofmann, Lorenz"]
[Black "Homfeldt, Claudia Laura"]
[Result "1/2-1/2"]
[WhiteElo "1756"]
[BlackElo "1379"]
[PlyCount "47"]
[EventDate "2016.09.16"]
[EventType "swiss"]
[EventRounds "5"]
[EventCountry "GER"]
[SourceTitle "EXT 2018"]
[Source "ChessBase"]
[SourceDate "2017.10.13"]
[SourceVersion "1"]
[SourceVersionDate "2017.10.13"]
[SourceQuality "1"]

1. e4 c5 2. Nf3 Nc6 3. d4 cxd4 4. Nxd4 g6 5. c3 Bg7 6. Be3 Nf6 7. f3 0-0 8. Nd2 d5 9. Nxc6 bxc6 10. exd5 cxd5 11. Bd3 e5 12. 0-0 d4 13. cxd4 exd4 14. Bf2 Nd5 15. Re1 Ne3 16. Bxe3 dxe3 17. Nb3 Qb6 18. Qe2 Re8 19. Kh1 a5 20. Be4 Ba6 21. Qxe3 Qxe3 22. Rxe3 Bxb2 23. Rae1 Rac8 24. Rb1 1/2-1/2

[Event "Mittelfranken-chTB2b 1516"]
[Site "Mittelfranken"]
[Date "2016.02.28"]
[Round "7.8"]
[White "Henrich, Frederik"]
[Black "Hofmann, Lorenz"]
[Result "1/2-1/2"]
[WhiteElo "1708"]
[BlackElo "1719"]
[PlyCount "45"]
[EventDate "2015.10.18"]
[EventType "team-tourn"]
[EventRounds "9"]
[EventCountry "GER"]
[SourceTitle "EXT 2020"]
[Source "ChessBase"]
[SourceDate "2019.10.17"]
[SourceVersion "1"]
[SourceVersionDate "2019.10.17"]
[SourceQuality "1"]
[WhiteTeam "Erlangen SC III"]
[BlackTeam "Lauf SV"]
[WhiteTeamCountry "GER"]
[BlackTeamCountry "GER"]

1. e4 e5 2. Nf3 Nc6 3. Bc4 Bc5 4. d3 h6 5. Be3 Bb6 6. Nc3 Nf6 7. h3 d6 8. a3 Be6 9. Bxe6 fxe6 10. Bxb6 axb6 11. Nh4 0-0 12. g3 Nh7 13. Nb5 Qf6 14. 0-0 Rac8 15. Qg4 Nd4 16. Nxd4 exd4 17. f4 Rce8 18. Ng6 Rf7 19. h4 Nf8 20. h5 Nxg6 21. hxg6 Rff8 22. Rae1 Qd8 23. f5 1/2-1/2

[Event "Nuremberg Zabo op 17th"]
[Site "Nuremberg"]
[Date "2015.09.21"]
[Round "2"]
[White "Hofmann, Lorenz"]
[Black "Hoffmann, Winfried"]
[Result "1-0"]
[WhiteElo "1662"]
[BlackElo "1457"]
[PlyCount "71"]
[EventDate "2015.09.21"]
[EventType "swiss"]
[EventRounds "5"]
[EventCountry "GER"]
[SourceTitle "EXT 2018"]
[Source "ChessBase"]
[SourceDate "2017.10.13"]
[SourceVersion "1"]
[SourceVersionDate "2017.10.13"]
[SourceQuality "1"]

1. e4 d5 2. exd5 Nf6 3. Nf3 Nxd5 4. d3 Bg4 5. Be2 g6 6. h3 Bxf3 7. Bxf3 Bg7 8. c3 0-0 9. Qb3 e6 10. Qxb7 Nd7 11. 0-0 Nc5 12. Qb5 Qe7 13. d4 Nd7 14. Re1 Qd6 15. Na3 Rab8 16. Qd3 N7f6 17. b3 c5 18. Nc4 Qc7 19. dxc5 Nd7 20. Bxd5 exd5 21. Ne3 Rfe8 22. Bb2 Nxc5 23. Qc2 Qc6 24. Rad1 Rbd8 25. c4 d4 26. Nd5 Ne6 27. Qe4 Qc5 28. Qf3 Ng5 29. Qf4 Ne6 30. Qh4 g5 31. Qg3 Qd6 32. Qxd6 Rxd6 33. Bxd4 Bxd4 34. Rxd4 Rdd8 35. Rde4 Ng7 36. Nf6+ 1-0